00845nam a2200205Ia 4500001002800000003000900028008004100037040002300078041001300101100002200114245013800136250001500274260003000289300002700319490002800346501012400374520010100498700001700599700002300616271.771- ALB gi fs (23032)IT-MiSPE171229s9999||||xx |||||||||||||| ||und|| aIT-MiSPEcIT-MiSPE aITALIANO aGiacomo Alberione 0aOpera omnia : Alle Figlie di San Paolo bMeditazioni e Istruzioni. Gli anni del rinnovamento e dell'approvazione pontificia 1950-1953 a1a ed. (v) aRomabCasa Gen. FSPc2007 a606 p. [v.; VI]c22 cm aOpera omnia (1950-1953) aEdizioni San Paolo srl - Piazza Soncino, 5 - 20092 CINISELLO BALSAMO (MI) (non commercial uses only) ® Copyright 2018 aSegretariato Internazionale di Spiritualità: Adeodata Deh˛ Elisabetta Capello, Monica Baviera aAdeodata Deh aElisabetta Capello